A textbook of information and communication technology (Record no. 10940)

MARC details
000 -LEADER
fixed length control field 00305nam a22000977a 4500
008 - FIXED-LENGTH DATA ELEMENTS--GENERAL INFORMATION
fixed length control field 180412b ||||| |||| 00| 0 eng d
020 ## - INTERNATIONAL STANDARD BOOK NUMBER
International Standard Book Number 978818389608
100 ## - MAIN ENTRY--PERSONAL NAME
Personal name Sahni, Monica
9 (RLIN) 6743
245 ## - TITLE STATEMENT
Title A textbook of information and communication technology
260 ## - PUBLICATION, DISTRIBUTION, ETC. (IMPRINT)
Place of publication, distribution, etc. New Delhi
Name of publisher, distributor, etc. Goyal Brothers Publivcation
Date of publication, distribution, etc. 2017
Holdings
Withdrawn status Lost status Source of classification or shelving scheme Damaged status Koha normalized classification for sorting Not for loan Home library Current library Shelving location Date acquired Total Checkouts Full call number Barcode Date last seen Price effective from Koha item type
    Dewey Decimal Classification   SAH_005_130000000000000_D10   Good Samaritan School Library Good Samaritan School Library Computer Science 04/12/2018   SAH005.13 D-10 SAH14963 04/12/2018 04/12/2018 BOOK
    Dewey Decimal Classification   SAH_005_130000000000000   Good Samaritan School Library Good Samaritan School Library Computer Science 04/12/2018   SAH005.13 SAH14962 04/12/2018 04/12/2018 BOOK

Powered by Koha